[Event "Ambes op 2nd"]
[Site "Ambes"]
[Date "2009.04.16"]
[Round "6"]
[White "Lagarrigue, Remy"]
[Black "Kontzler, Jean Marc"]
[Result "1-0"]
[WhiteElo "1430"]
[BlackElo "1490"]
[PlyCount "81"]
[EventDate "2009.04.11"]
[EventType "swiss"]
[EventRounds "9"]
[EventCountry "FRA"]
[SourceTitle "EXT 2012"]
[Source "ChessBase"]
[SourceDate "2011.11.24"]
[SourceVersion "1"]
[SourceVersionDate "2011.11.24"]
[SourceQuality "1"]

1. c4 c5 2. b3 Nc6 3. Bb2 e6 4. Nf3 Nf6 5. e3 d5 6. Nc3 Be7 7. Be2 0-0 8. Qc2 b6 9. Nb5 Bd7 10. Ng5 g6 11. h4 e5 12. Nf3 Bf5 13. Qc1 e4 14. Ng5 a6 15. Na3 d4 16. Bd1 Nb4 17. Bc2 d3 18. Bd1 Nc6 19. Qc3 Kg7 20. g4 Be6 21. Nxe4 h6 22. g5 Nd4 23. gxf6+ Bxf6 24. Nxf6 Qxf6 25. exd4 Rfe8 26. 0-0 Kf8 27. dxc5 Qxh4 28. Qg7+ Ke7 29. Bf6+ Qxf6 30. Qxf6+ Kxf6 31. cxb6 Bh3 32. Bf3 Rab8 33. Rfe1 Kf5 34. Rxe8 Rxe8 35. b7 Rb8 36. c5 Kf4 37. Bh1 Bd7 38. c6 Bxc6 39. Bxc6 f5 40. Re1 g5 41. Re8 1-0

[Event "Ambes op 2nd"]
[Site "Ambes"]
[Date "2009.04.14"]
[Round "4"]
[White "Kontzler, Jean Marc"]
[Black "Trevidic, Bernard"]
[Result "1-0"]
[WhiteElo "1490"]
[BlackElo "1270"]
[PlyCount "67"]
[EventDate "2009.04.11"]
[EventType "swiss"]
[EventRounds "9"]
[EventCountry "FRA"]
[SourceTitle "EXT 2012"]
[Source "ChessBase"]
[SourceDate "2011.11.24"]
[SourceVersion "1"]
[SourceVersionDate "2011.11.24"]
[SourceQuality "1"]

1. e4 e5 2. f4 exf4 3. Nf3 c6 4. Bc4 Nf6 5. d3 Be7 6. 0-0 d6 7. Bxf4 0-0 8. Qe1 b5 9. Bb3 a5 10. a3 Bb7 11. Nc3 Nbd7 12. Be3 Ba6 13. Qg3 Nh5 14. Qf2 Qe8 15. Ne2 Kh8 16. Ned4 c5 17. Bd5 Rc8 18. Nf5 g6 19. Nh6 Bf6 20. Ng5 Bxb2 21. Nhxf7+ Kg7 22. Ne6+ Kg8 23. Nh6+ Kh8 24. Nxf8 Bxa1 25. Nf7+ Kg7 26. Bh6+ Kg8 27. Nxd6+ Kh8 28. Nf7+ Kg8 29. Nd6+ Kh8 30. Nxe8 Bd4 31. Be3 Bxe3 32. Qxe3 Rxe8 33. Nxd7 Bc8 34. Rf8+ 1-0

[Event "Ambes op 2nd"]
[Site "Ambes"]
[Date "2009.04.13"]
[Round "3"]
[White "Chansavang, Albain"]
[Black "Kontzler, Jean Marc"]
[Result "1-0"]
[WhiteElo "1551"]
[BlackElo "1490"]
[PlyCount "53"]
[EventDate "2009.04.11"]
[EventType "swiss"]
[EventRounds "9"]
[EventCountry "FRA"]
[SourceTitle "EXT 2012"]
[Source "ChessBase"]
[SourceDate "2011.11.24"]
[SourceVersion "1"]
[SourceVersionDate "2011.11.24"]
[SourceQuality "1"]

1. d4 Nf6 2. c4 g6 3. Nc3 Bg7 4. e4 d6 5. Nf3 Bg4 6. Be2 0-0 7. Bg5 e5 8. dxe5 dxe5 9. Qxd8 Rxd8 10. Nd5 Nbd7 11. Nxf6+ Nxf6 12. Nxe5 Bxe2 13. Kxe2 Re8 14. Bxf6 Bxf6 15. Ng4 Kg7 16. Nxf6 Kxf6 17. f3 Re7 18. Rad1 Ke6 19. Rd3 f5 20. Re3 f4 21. Rd3 c6 22. Rhd1 Rae8 23. Rd6+ Ke5 24. b4 g5 25. b5 Rc8 26. bxc6 Rxc6 27. R1d5# 1-0